Deutscher EM Kader 2024 - Statistiken

Allgemein
  • Dieses Quiz wurde 501 mal gespielt
  • Das Durchschnittsergebnis liegt bei 22 aus 27
Antwortstatistiken
Position Spieler % Korrekt
Torwart Manuel Neuer
100%
Offensives Mittelfeld Jamal Musiala
96%
Torwart Marc-André ter Stegen
96%
Innenverteidiger Antonio Rüdiger
94%
Offensives Mittelfeld Florian Wirtz
94%
Rechter Verteidiger Joshua Kimmich
94%
Mittelstürmer Niclas Füllkrug
93%
Rechtsaußen Leroy Sane
90%
Innenverteidiger Jonathan Tah
88%
Zentrales Mittelfeld Toni Kroos
88%
Offensives Mittelfeld Kai Havertz
87%
Innenverteidiger Nico Schlotterbeck
86%
Linker Verteidiger David Raum
85%
Torwart Oliver Baumann
85%
Hängende Spitze Thomas Müller
85%
Linker Verteidiger Maximilian Mittelstädt
81%
Defensives Mittelfeld Robert Andrich
78%
Torwart Alexander Nübel
76%
Mittelstürmer Deniz Undav
72%
Zentrales Mittelfeld Ílkay Gündogan
72%
Rechter Verteidiger Benjamin Henrichs
62%
Innenverteidiger Waldemar Anton
62%
Linksaußen Chris Führich
61%
Zentrales Mittelfeld Pascal Groß
59%
Innenverteidiger Robin Koch
58%
Defensives Mittelfeld Aleksander Pavlovic
54%
Mittelstürmer Maximilian Beier
54%
Keine übereinstimmenden Quizze gefunden
Verteilung der Resultate
Anzahl Personen mit jedem Resultat
Perzentil nach korrekt beantworteten Fragen
Ihre Resultats-Entwicklung
Sie haben dieses Quiz noch nicht gespielt